[Event "Senioren 2018"]
[Site "Bad Woerishofen"]
[Date "2018.02.26"]
[Round "4"]
[White "Schnell, Franz"]
[Black "Schinnerl, Werner"]
[Result "1/2-1/2"]
[WhiteElo "1733"]
[BlackElo "1866"]
[PlyCount "79"]
[EventDate "2018.??.??"]
[WhiteTeam "SV Trossingen"]

1. d4 e6 2. e4 b6 3. Nc3 Bb4 4. Bd3 Bb7 5. Nf3 Ne7 6. a3 Bxc3+ 7. bxc3 O-O 8.
O-O f6 9. Rb1 Qe8 10. Bf4 d6 11. Qe2 g5 12. Bg3 e5 13. d5 a5 14. h3 Na6 15. Bb5
Qg6 16. Bd3 Nc5 17. c4 Kf7 18. Nd2 h5 19. Nb3 Na4 20. Qd2 h4 21. Bh2 Rg8 22. f3
Bc8 23. Rf2 Bd7 24. Rbf1 Qg7 25. c5 Nxc5 26. Nxc5 bxc5 27. Rb1 Ra7 28. Rff1 Nc8
29. Rb8 Nb6 30. Rxg8 Qxg8 31. Rb1 Qe8 32. c4 Ke7 33. Kf1 Bc8 34. Bg1 Qa4 35.
Qc3 Ba6 36. Rc1 Rb7 37. Bf2 c6 38. dxc6 Rc7 39. Be1 Qxc6 40. Qxa5 1/2-1/2

[Event "Senioren 2018"]
[Site "Bad Woerishofen"]
[Date "2018.02.26"]
[Round "4"]
[White "Singeisen, Hermann"]
[Black "Bhend, Edwin"]
[Result "0-1"]
[WhiteElo "1972"]
[BlackElo "2097"]
[PlyCount "124"]
[EventDate "2018.??.??"]

1. c4 b6 2. d4 Bb7 3. Nc3 e6 4. Nf3 f5 5. g3 Nf6 6. Bg2 Bb4 7. Bd2 O-O 8. O-O
a5 9. a3 Be7 10. Bg5 h6 11. Bxf6 Bxf6 12. e3 Qe8 13. Rc1 Na6 14. Qc2 Qh5 15.
Qd1 Rab8 16. Ne5 Qxd1 17. Rfxd1 Bxg2 18. Kxg2 Rfd8 19. Nf3 c6 20. Ne5 Nc7 21.
Rc2 Kf8 22. f4 Ke8 23. Kf3 b5 24. cxb5 Nxb5 25. Nxb5 Rxb5 26. Nd3 Rdb8 27. Rdc1
Be7 28. Ke2 g5 29. h3 Bd6 30. Rg1 Ke7 31. Kf3 Rb3 32. Rd2 Rg8 33. g4 Rf8 34.
Ke2 gxf4 35. exf4 fxg4 36. Rxg4 Rf7 37. Kd1 h5 38. Rg5 Bxf4 39. Nxf4 Rxf4 40.
Rxh5 Kd6 41. Kc2 Rb5 42. Rh7 Rff5 43. Rg2 c5 44. dxc5+ Rfxc5+ 45. Kb1 Rh5 46.
Rgg7 Rxh7 47. Rxh7 e5 48. Kc2 Ke6 49. Rh6+ Kd5 50. Rh7 d6 51. h4 Kd4 52. h5 e4
53. Rd7 Kd5 54. Re7 Kd4 55. h6 Rh5 56. h7 d5 57. Rc7 a4 58. b4 Rh2+ 59. Kb1 e3
60. b5 e2 61. Re7 Kd3 62. b6 Rxh7 0-1

[Event "Senioren 2018"]
[Site "Bad Woerishofen"]
[Date "2018.02.26"]
[Round "4"]
[White "Suva, Karl"]
[Black "Goldinger, Josef"]
[Result "1-0"]
[WhiteElo "1572"]
[BlackElo "1795"]
[PlyCount "59"]
[EventDate "2018.??.??"]
[WhiteTeam "Union Sandersdorf"]
[BlackTeam "SV Rottweil"]

1. g3 e5 2. Bg2 Nf6 3. Nc3 c6 4. d3 d5 5. e4 d4 6. Nce2 Bd6 7. Bd2 O-O 8. c3 c5
9. cxd4 cxd4 10. Rc1 Bd7 11. f4 Bb5 12. Qb3 Bc6 13. Nf3 Re8 14. Ng5 Qe7 15.
fxe5 Bxe5 16. Bh3 a5 17. O-O Nbd7 18. Bxd7 Qxd7 19. Qd1 h6 20. Nf3 Qh3 21. Rc5
Ng4 22. Nf4 Bxf4 23. Bxf4 Rxe4 24. dxe4 Bxe4 25. Qd2 Re8 26. Qg2 Qxg2+ 27. Kxg2
Bc6 28. Kh3 Ne3 29. Bxe3 dxe3 30. Re5 1-0

[Event "Senioren 2018"]
[Site "Bad Woerishofen"]
[Date "2018.02.26"]
[Round "4"]
[White "Titz, Waldemar"]
[Black "Kuenne, Lutz"]
[Result "1/2-1/2"]
[WhiteElo "1770"]
[BlackElo "1597"]
[PlyCount "88"]
[EventDate "2018.??.??"]
[WhiteTeam "SV Rottweil"]
[BlackTeam "KC Jena"]

1. e4 c5 2. c4 Nc6 3. Nf3 d6 4. d4 cxd4 5. Nxd4 Nf6 6. Nc3 g6 7. Be2 Bg7 8. Be3
O-O 9. O-O a6 10. Qd2 Ng4 11. Bxg4 Bxg4 12. f3 Bd7 13. Rfd1 Rc8 14. b3 Qa5 15.
Rac1 Rfd8 16. Qf2 Qh5 17. Nd5 Kf8 18. Ne2 Bh6 19. Ng3 Bxe3 20. Qxe3 Qe5 21. f4
Qb2 22. Ra1 Bg4 23. Qd2 Qxd2 24. Rxd2 Be6 25. Nb6 Rc7 26. f5 gxf5 27. exf5 Bc8
28. Nd5 Rcd7 29. Re1 f6 30. Nf4 Kf7 31. Nd5 Rg8 32. Rde2 Ne5 33. Re4 Rdd8 34.
Rh4 Rg7 35. Nf4 Rdg8 36. Re2 Bd7 37. Nd5 Bc6 38. Nc7 Bd7 39. Nd5 Bc6 40. Rh6
Bxd5 41. cxd5 Ng4 42. Rh3 Rc8 43. Nf1 Rc5 44. Rd3 Ne5 1/2-1/2

[Event "Senioren 2018"]
[Site "Bad Woerishofen"]
[Date "2018.02.26"]
[Round "4"]
[White "Trefzer, Erhard"]
[Black "Traversi, Carlo"]
[Result "1-0"]
[WhiteElo "1910"]
[BlackElo "1537"]
[PlyCount "71"]
[EventDate "2018.??.??"]
[WhiteTeam "SV Besigheim"]

1. d4 Nf6 2. c4 g6 3. Nc3 d5 4. Bf4 Bg7 5. e3 c6 6. h3 Bf5 7. Qb3 Qb6 8. Qxb6
axb6 9. cxd5 Nxd5 10. Nxd5 cxd5 11. Bc7 O-O 12. g4 Be6 13. Bd3 Nd7 14. Ne2 Rfc8
15. Bg3 f5 16. Nf4 Kf7 17. gxf5 Bxf5 18. Bxf5 gxf5 19. Kd2 e6 20. a3 Nf6 21. f3
Bf8 22. Nd3 Nd7 23. Rac1 Be7 24. Rhg1 b5 25. Be5 Bf6 26. Bf4 Rc4 27. Bg5 Rg8
28. Bxf6 Rxg1 29. Rxg1 Kxf6 30. Nf4 Ke7 31. Rg7+ Kd6 32. Rxh7 Rc7 33. h4 Rc8
34. h5 b6 35. Rh6 Re8 36. Kc3 1-0

[Event "Senioren 2018"]
[Site "Bad Woerishofen"]
[Date "2018.02.26"]
[Round "4"]
[White "Waltenberger, Udo"]
[Black "Halli, Gerhard"]
[Result "1/2-1/2"]
[WhiteElo "2038"]
[BlackElo "1898"]
[PlyCount "105"]
[EventDate "2018.??.??"]
[WhiteTeam "SV Eiche Reichenbrand"]
[BlackTeam "SK Sandhausen"]

1. d4 d5 2. Nf3 Nf6 3. g3 e6 4. Bg2 c5 5. O-O Nc6 6. c4 cxd4 7. Nxd4 Bc5 8.
Nxc6 bxc6 9. Nc3 O-O 10. Qc2 Be7 11. Rd1 Qa5 12. Bd2 Qa6 13. Qa4 Qxa4 14. Nxa4
Ba6 15. cxd5 cxd5 16. e3 Rac8 17. Rac1 Rxc1 18. Rxc1 Rc8 19. Rxc8+ Bxc8 20. Bf1
Bd7 21. Nc3 Kf8 22. Nb5 Ne4 23. Be1 Bc5 24. b4 Bb6 25. Nc3 Nd6 26. Bd3 d4 27.
exd4 Bxd4 28. Kf1 h6 29. Bd2 Ke7 30. Ne2 Bb6 31. Bc3 f6 32. Bd4 Bxd4 33. Nxd4
e5 34. Nb3 Bc6 35. Nc5 e4 36. Be2 f5 37. a4 g5 38. b5 Bd5 39. Ke1 Nc4 40. Na6
Kd6 41. Nb4 Nb2 42. Nxd5 Kxd5 43. a5 Kc5 44. Kd2 Nd3 45. Bxd3 exd3 46. b6 axb6
47. axb6 Kxb6 48. Kxd3 Kc5 49. g4 Kd5 50. gxf5 Ke5 51. f6 Kxf6 52. Ke4 Ke6 53.
h3 1/2-1/2

[Event "Senioren 2018"]
[Site "Bad Woerishofen"]
[Date "2018.02.26"]
[Round "4"]
[White "Wawrinsky, Ludwig"]
[Black "Goris, Ton"]
[Result "0-1"]
[WhiteElo "1760"]
[BlackElo "1939"]
[PlyCount "156"]
[EventDate "2018.??.??"]
[WhiteTeam "SK Neuperlach"]

1. e4 e6 2. d3 d5 3. Nc3 Nf6 4. e5 Nfd7 5. d4 c5 6. Nf3 cxd4 7. Qxd4 Nc6 8. Qf4
a6 9. a3 Qc7 10. Qg5 Ndxe5 11. Be2 Nxf3+ 12. Bxf3 Qe5+ 13. Qxe5 Nxe5 14. Be2
Bd6 15. f4 Nc6 16. f5 O-O 17. Rf1 Bxh2 18. f6 Be5 19. fxg7 Bxg7 20. Rh1 b5 21.
Bd3 f5 22. g4 Ne5 23. gxf5 Nxd3+ 24. cxd3 Rxf5 25. Bd2 Bb7 26. Rh4 Re5+ 27. Ne2
d4 28. Bf4 Rc5 29. Kf2 e5 30. Bd2 Rf8+ 31. Ke1 Rf6 32. Rc1 Rxc1+ 33. Nxc1 Re6
34. Nb3 Rg6 35. Nc5 Rg1+ 36. Ke2 Rg2+ 37. Kd1 Bf3+ 38. Kc2 Rg6 39. Kb3 Bf8 40.
Ne4 Be7 41. Rh2 Rg2 42. Rxg2+ Bxg2 43. Ng3 Bf3 44. Kc2 h5 45. Be1 Bg5 46. Bd2
Bxd2 47. Kxd2 h4 48. Nf1 h3 49. Nh2 Bd5 50. Ke2 Kf7 51. Kf2 Kf6 52. Kg3 Bg2 53.
Ng4+ Ke6 54. Nf2 Kd5 55. Ng4 Ke6 56. b3 Kf5 57. Nh6+ Kg5 58. Ng4 e4 59. dxe4 d3
60. Nf2 d2 61. Nd1 Bxe4 62. Kxh3 Bc2 63. Ne3 Bxb3 64. Kg3 d1=Q 65. Nxd1 Bxd1
66. Kf2 Kf4 67. Ke1 Ba4 68. Kd2 Ke4 69. Kc3 a5 70. Kb2 Kd3 71. Kb1 Kc3 72. Ka2
Kc2 73. Ka1 Kb3 74. Kb1 Kxa3 75. Ka1 b4 76. Kb1 b3 77. Ka1 b2+ 78. Kb1 Bc2+ 0-1

[Event "Senioren 2018"]
[Site "Bad Woerishofen"]
[Date "2018.02.26"]
[Round "4"]
[White "Winter, Bernd"]
[Black "Neumann, Erwin"]
[Result "0-1"]
[WhiteElo "1925"]
[BlackElo "1789"]
[PlyCount "68"]
[EventDate "2018.??.??"]
[WhiteTeam "Münchener SC"]
[BlackTeam "SK Schwäbisch Hall"]

1. e4 e5 2. Nf3 Nf6 3. Nxe5 d6 4. Nf3 Nxe4 5. d3 Nf6 6. Be2 Be7 7. O-O O-O 8.
Nc3 b6 9. Bg5 Nbd7 10. Qd2 Bb7 11. Bxf6 Bxf6 12. d4 Re8 13. Rfe1 Nf8 14. d5 a6
15. Rad1 Ng6 16. g3 Qd7 17. Bf1 Qg4 18. Bg2 Qb4 19. Rxe8+ Rxe8 20. Re1 Ne5 21.
a3 Qxb2 22. Nxe5 Bxe5 23. Nd1 Qb5 24. c4 Qxc4 25. f4 Bd4+ 26. Kh1 Rxe1+ 27.
Qxe1 Kf8 28. Qe4 g6 29. f5 b5 30. fxg6 hxg6 31. h4 Be5 32. Qf3 Qd4 33. Kh2
Qxh4+ 34. Bh3 Bxd5 0-1

[Event "Senioren 2018"]
[Site "Bad Woerishofen"]
[Date "2018.02.27"]
[Round "5"]
[White "Baum, Bernd"]
[Black "Villing, Dieter"]
[Result "1-0"]
[WhiteElo "2288"]
[BlackElo "2094"]
[PlyCount "99"]
[EventDate "2018.??.??"]
[WhiteTeam "SC Fulda"]
[BlackTeam "SK Ludwigshafen"]

1. Nf3 d6 2. d4 Bg4 3. e4 Nf6 4. Nc3 c6 5. h3 Bh5 6. Qe2 e6 7. g4 Bg6 8. h4 h6
9. h5 Bh7 10. g5 hxg5 11. Nxg5 d5 12. e5 Ne4 13. Ncxe4 Bxe4 14. Nxe4 dxe4 15.
Qxe4 Qb6 16. Rh3 Nd7 17. Rb3 Qc7 18. Qf3 Nb6 19. Be3 Nd5 20. O-O-O a5 21. Bc4
a4 22. Bxd5 axb3 23. Bxb3 Rd8 24. Qg4 b5 25. Qe2 Be7 26. f4 Qd7 27. c3 b4 28.
c4 c5 29. d5 exd5 30. cxd5 Qf5 31. d6 Bh4 32. Rh1 Qxh5 33. Qxh5 Rxh5 34. Bf2 g5
35. Kb1 Rh6 36. Ba4+ Kf8 37. fxg5 Bxg5 38. Rxh6 Bxh6 39. Bh4 Rb8 40. Be7+ Kg8
41. d7 Bg7 42. d8=Q+ Rxd8 43. Bxd8 Bxe5 44. Be7 Bd4 45. Bb3 Kg7 46. Bc4 f5 47.
a4 bxa3 48. bxa3 f4 49. a4 f3 50. Kc2 1-0

[Event "Senioren 2018"]
[Site "Bad Woerishofen"]
[Date "2018.02.27"]
[Round "5"]
[White "Bhend, Edwin"]
[Black "Johnsen, Oystein"]
[Result "1/2-1/2"]
[WhiteElo "2097"]
[BlackElo "1998"]
[PlyCount "56"]
[EventDate "2018.??.??"]

1. b3 d5 2. Bb2 Bf5 3. e3 Nd7 4. Nf3 Ngf6 5. Be2 e6 6. Nh4 Bg6 7. Nxg6 hxg6 8.
c4 c6 9. Nc3 Bd6 10. h3 Qe7 11. a3 a6 12. b4 g5 13. c5 Bc7 14. Qc2 e5 15. Qf5
Nh5 16. Bxh5 Rxh5 17. e4 d4 18. Ne2 g6 19. Qf3 Qe6 20. g4 Rh7 21. Nc1 Ke7 22.
Kf1 Rah8 23. Kg2 Nf6 24. Ne2 Nd7 25. Ng3 f6 26. Qd3 Qf7 27. a4 Nf8 28. Ba3 Ne6
1/2-1/2

[Event "Senioren 2018"]
[Site "Bad Woerishofen"]
[Date "2018.02.27"]
[Round "5"]
[White "Bjorgvik, Jan Arne"]
[Black "Meul, Willi"]
[Result "0-1"]
[WhiteElo "1756"]
[BlackElo "1930"]
[PlyCount "80"]
[EventDate "2018.??.??"]
[BlackTeam "SV Hürth-Berrenrath"]

1. e4 c5 2. Nf3 d6 3. d4 cxd4 4. Nxd4 Nf6 5. Nc3 a6 6. Be2 e5 7. Nf3 Be7 8. O-O
O-O 9. h3 Nbd7 10. Be3 Qc7 11. Nd5 Nxd5 12. exd5 f5 13. Bg5 Bxg5 14. Nxg5 Nf6
15. c4 h6 16. Nf3 Bd7 17. b3 Rae8 18. Rc1 g5 19. Nh2 Kh7 20. g4 f4 21. Bd3+ e4
22. Bb1 Kg8 23. Qd4 Re5 24. f3 e3 25. Rfe1 Qd8 26. Re2 Qe7 27. Qb6 Bc8 28. Qd4
Kg7 29. Kg2 Rh8 30. Rh1 h5 31. Qd3 Rh6 32. Qd4 Qf8 33. Rf1 Qh8 34. Bf5 Bxf5 35.
gxf5 Qc8 36. Qb6 Qd7 37. Rd1 Rxf5 38. Rg1 Rg6 39. Nf1 g4 40. Nh2 gxf3+ 0-1

[Event "Senioren 2018"]
[Site "Bad Woerishofen"]
[Date "2018.02.27"]
[Round "5"]
[White "Braeu, Emmi"]
[Black "Koppenhoefer, Heinz"]
[Result "0-1"]
[WhiteElo "1519"]
[BlackElo "1589"]
[PlyCount "98"]
[EventDate "2018.??.??"]
[WhiteTeam "SK Marktoberdorf"]
[BlackTeam "TSV Solln"]

1. Nf3 Nf6 2. c4 e6 3. g3 Nc6 4. Bg2 Be7 5. O-O Rb8 6. Nc3 b6 7. d4 O-O 8. d5
exd5 9. cxd5 Nb4 10. a3 Na6 11. Nb5 Ra8 12. d6 cxd6 13. Nxd6 Nc5 14. Nxc8 Rxc8
15. b4 Ne6 16. Bb2 a5 17. bxa5 bxa5 18. Rc1 Rxc1 19. Qxc1 Qb8 20. Bxf6 Bxf6 21.
Qd1 Rd8 22. e3 d5 23. Qb1 Qd6 24. a4 Rb8 25. Qd1 Rb4 26. Ne1 d4 27. Nd3 Rb8 28.
Qe1 dxe3 29. fxe3 Qb6 30. Qf2 Nd8 31. Nf4 Bg5 32. Nd5 Qb3 33. h4 Bh6 34. Ne7+
Kf8 35. Nf5 Rb6 36. Qd2 Nb7 37. Kh2 Qb2 38. Qd7 Qe5 39. Qc8+ Qe8 40. Qxe8+ Kxe8
41. Rc1 Kd7 42. Bh3 Kd8 43. Nxh6 gxh6 44. Rc8+ Ke7 45. Rc7+ Kf6 46. Rxb7 Rxb7
47. g4 Rb4 48. Bg2 Rxg4 49. Kh3 Rxa4 0-1

[Event "Senioren 2018"]
[Site "Bad Woerishofen"]
[Date "2018.02.27"]
[Round "5"]
[White "Braeu, Wolfgang"]
[Black "Winter, Bernd"]
[Result "1/2-1/2"]
[WhiteElo "1878"]
[BlackElo "1925"]
[PlyCount "106"]
[EventDate "2018.??.??"]
[WhiteTeam "SF Buchenberg"]
[BlackTeam "Münchener SC"]

1. d4 Nf6 2. Nf3 g6 3. Nc3 Bg7 4. e4 d6 5. Be3 O-O 6. Qd2 Re8 7. O-O-O c6 8. h3
b5 9. Bd3 e5 10. dxe5 dxe5 11. Bh6 Bh8 12. Kb1 Nbd7 13. Ng5 Re7 14. Be2 Qc7 15.
g4 Bb7 16. h4 Nc5 17. Qe3 Nfd7 18. Nxb5 cxb5 19. Bxb5 Rc8 20. Rd2 a6 21. Be2
Nb6 22. f3 Rd7 23. Rhd1 Rcd8 24. Rxd7 Rxd7 25. Rxd7 Ncxd7 26. h5 Qc5 27. Nh3
Qxe3 28. Bxe3 f6 29. b4 Kf7 30. c4 Ke7 31. Kc2 gxh5 32. gxh5 Nc8 33. c5 Na7 34.
a4 Nc6 35. Kc3 f5 36. Kc4 Nd4 37. Bxd4 exd4 38. b5 axb5+ 39. axb5 fxe4 40. fxe4
Bxe4 41. Ng5 Bb1 42. Nf3 Ne5+ 43. Nxe5 Bxe5 44. Kd5 Kf6 45. c6 d3 46. Bf3 Bc7
47. Kc5 d2 48. Bd1 Bf4 49. b6 Be3+ 50. Kb5 Bd3+ 51. Ka5 Bxb6+ 52. Kxb6 Bf5 53.
Kb7 Be4 1/2-1/2

[Event "Senioren 2018"]
[Site "Bad Woerishofen"]
[Date "2018.02.27"]
[Round "5"]
[White "Chochoy, Patrick"]
[Black "Titz, Waldemar"]
[Result "1-0"]
[WhiteElo "1604"]
[BlackElo "1770"]
[PlyCount "83"]
[EventDate "2018.??.??"]
[BlackTeam "SV Rottweil"]

1. e4 e5 2. Nf3 d6 3. d4 exd4 4. Nxd4 Nf6 5. Nc3 Be7 6. Bf4 O-O 7. Qd2 c6 8.
O-O-O Qa5 9. f3 Be6 10. Kb1 Rd8 11. g4 b5 12. Nxe6 fxe6 13. h4 b4 14. Ne2 c5
15. Ng3 Nc6 16. g5 Ne8 17. Bh3 Nd4 18. Be3 e5 19. Nf5 Qc7 20. h5 a5 21. g6 Nxf5
22. Bxf5 Nf6 23. gxh7+ Kh8 24. Rdg1 Bf8 25. Bg5 Qe7 26. h6 Ra7 27. Qf2 d5 28.
Qh4 Ra6 29. exd5 Rxd5 30. Qc4 Rad6 31. Kc1 Rd8 32. Bxf6 Qxf6 33. Be4 Qf4+ 34.
Kb1 g6 35. Bxd5 Bxh6 36. Qxf4 Bxf4 37. Bg8 g5 38. Rd1 Rc8 39. Be6 Re8 40. Bf5
c4 41. Rd7 c3 42. b3 1-0

[Event "Senioren 2018"]
[Site "Bad Woerishofen"]
[Date "2018.02.27"]
[Round "5"]
[White "Daeubler, Heinrich"]
[Black "Kierzek, Matthias"]
[Result "0-1"]
[WhiteElo "2182"]
[BlackElo "2259"]
[PlyCount "60"]
[EventDate "2018.??.??"]
[WhiteTeam "SC Haselmühl"]
[BlackTeam "SC Fulda"]

1. d4 d5 2. Nf3 Nf6 3. c4 c6 4. Nc3 dxc4 5. a4 Bf5 6. Ne5 Nbd7 7. Nxc4 Qc7 8.
f3 e5 9. dxe5 Nxe5 10. e4 Rd8 11. Qc2 Be6 12. Nxe5 Qxe5 13. Be3 Qa5 14. Be2 Bc5
15. Qc1 Qb6 16. Bxc5 Qxc5 17. Nd1 Qxc1 18. Rxc1 Rd4 19. a5 a6 20. Nc3 Ke7 21.
Rb1 Rb4 22. Kf2 Rd8 23. Ke3 Nd7 24. Rhc1 Nc5 25. Bd1 Bb3 26. Be2 Be6 27. Bd1
Rd3+ 28. Ke2 Bc4 29. Ke1 Rd8 30. Be2 Nd3+ 0-1

[Event "Senioren 2018"]
[Site "Bad Woerishofen"]
[Date "2018.02.27"]
[Round "5"]
[White "Dallmeier, Gerhard"]
[Black "De Polzer, Manfredi"]
[Result "0-1"]
[WhiteElo "1790"]
[BlackElo "1515"]
[PlyCount "84"]
[EventDate "2018.??.??"]
[WhiteTeam "Roland Weißenfels"]

1. e4 e6 2. d4 d5 3. e5 c5 4. c3 Qb6 5. Nf3 Nc6 6. Be2 cxd4 7. cxd4 Bb4+ 8. Nc3
Nge7 9. O-O Nf5 10. Be3 Bd7 11. a3 Bxc3 12. bxc3 Rc8 13. Bd3 Nce7 14. Bd2 Ng6
15. g3 a6 16. Qe2 O-O 17. Rfb1 Qc7 18. Rb2 b5 19. Rab1 Qa7 20. a4 Rb8 21. axb5
a5 22. Ra2 Qb6 23. c4 dxc4 24. Bxc4 Nxd4 25. Nxd4 Qxd4 26. Rxa5 Nxe5 27. Ba2
Rfc8 28. Be3 Qc3 29. Ra7 Be8 30. Rc1 Qd3 31. Qb2 Rxc1+ 32. Qxc1 Bxb5 33. Rc7
Rd8 34. Rc8 Qd7 35. Rc5 Bc6 36. Bb3 Nd3 37. Qc2 Nxc5 38. Bxc5 Qb7 39. f4 Rb8
40. Bc4 Qb1+ 41. Qxb1 Rxb1+ 42. Bf1 Bb5 0-1

[Event "Senioren 2018"]
[Site "Bad Woerishofen"]
[Date "2018.02.27"]
[Round "5"]
[White "Dietl, Robert"]
[Black "Gailis, Gunnar"]
[Result "1-0"]
[WhiteElo "1912"]
[BlackElo "1746"]
[PlyCount "69"]
[EventDate "2018.??.??"]
[WhiteTeam "SK Königsbrunn"]
[BlackTeam "SV Hilden"]

1. e4 c5 2. Nf3 d6 3. Bb5+ Bd7 4. Bxd7+ Qxd7 5. O-O Nc6 6. d4 cxd4 7. Nxd4 g6
8. c4 Bg7 9. Be3 Nf6 10. f3 O-O 11. Nc3 e6 12. Qd2 a6 13. Rfd1 Rfd8 14. Qf2 Qc7
15. Nde2 Nd7 16. Rac1 b6 17. Rc2 Rab8 18. Nb5 axb5 19. cxb5 Qa7 20. bxc6 Qc7
21. Nd4 Bxd4 22. Bxd4 Ne5 23. f4 Ng4 24. Qh4 e5 25. Qxg4 exd4 26. Rxd4 Rbc8 27.
Qg5 Kg7 28. Qb5 Ra8 29. b4 Ra3 30. Qd5 Rda8 31. b5 R3a5 32. Qxd6 Qxd6 33. Rxd6
Rxb5 34. c7 Rc8 35. Rd8 1-0

[Event "Senioren 2018"]
[Site "Bad Woerishofen"]
[Date "2018.02.27"]
[Round "5"]
[White "Erdmann, Wolfgang"]
[Black "Luebbers, Doris"]
[Result "1-0"]
[WhiteElo "1731"]
[BlackElo "1541"]
[PlyCount "87"]
[EventDate "2018.??.??"]
[WhiteTeam "SC Roter Turm Altstadt"]
[BlackTeam "SF Taunus"]

1. d4 d5 2. Nf3 Nf6 3. e3 e6 4. Bd3 Be7 5. Qe2 b6 6. Nbd2 Bb7 7. Bb5+ c6 8. Bd3
O-O 9. e4 dxe4 10. Nxe4 Nbd7 11. O-O Nxe4 12. Bxe4 Nf6 13. Bd3 Qc7 14. c3 Rad8
15. Bd2 c5 16. Be3 cxd4 17. Bxd4 Qb8 18. Rfe1 Qa8 19. Bxf6 Bxf3 20. Bxh7+ Kxh7
21. Qc2+ Kg8 22. Bxe7 Bxg2 23. Bxf8 Rxf8 24. f4 Bh3 25. Qe4 Qb8 26. Rad1 Bf5
27. Qe5 Qc8 28. Qd4 Bg4 29. Rd2 Bf5 30. Re3 Bg6 31. Rg3 Qc7 32. h4 Qc5 33. Qxc5
bxc5 34. Re3 Rc8 35. Re1 Bh5 36. Rf1 Bg4 37. Kg2 g6 38. Kg3 Bf5 39. Rfd1 Rc7
40. Rd7 Bc2 41. R1d2 Rxd7 42. Rxd7 a6 43. Rc7 Bd3 44. Rxc5 1-0

[Event "Senioren 2018"]
[Site "Bad Woerishofen"]
[Date "2018.02.27"]
[Round "5"]
[White "Felger, Karl"]
[Black "Schnell, Franz"]
[Result "1-0"]
[WhiteElo "1775"]
[BlackElo "1733"]
[PlyCount "135"]
[EventDate "2018.??.??"]
[WhiteTeam "Schachmatt Schorndorf"]
[BlackTeam "SV Trossingen"]

1. d4 d5 2. e3 Bf5 3. Bd3 Bxd3 4. cxd3 Nc6 5. Nf3 Nf6 6. O-O e6 7. a3 Be7 8. b4
a6 9. Bb2 O-O 10. Re1 Re8 11. e4 dxe4 12. dxe4 h6 13. h3 Bf8 14. Nc3 Na7 15.
Qd2 c6 16. Rad1 Nb5 17. Na4 Qc7 18. d5 e5 19. Rc1 Rad8 20. Qc2 Rc8 21. dxc6
bxc6 22. Nc5 Ra8 23. a4 Na7 24. Nd3 Bd6 25. b5 axb5 26. axb5 Nxb5 27. Qxc6 Qb8
28. Qc2 Ra2 29. Qb3 Ra8 30. Rb1 Qb7 31. Nfxe5 Nxe4 32. Nxf7 Qxf7 33. Qxb5 Ra2
34. Bd4 Qg6 35. Be3 Kh7 36. Rbc1 Rb8 37. Qd5 Rba8 38. Bd4 Ng5 39. h4 R2a5 40.
Nc5 Nh3+ 41. Kf1 Nf4 42. Qe4 Qxe4 43. Nxe4 Bf8 44. Rcd1 Ra2 45. g3 Ng6 46. Nc3
R2a6 47. Nd5 Ra2 48. h5 Nh8 49. Nc7 Rc8 50. Ne6 Nf7 51. Nxf8+ Rxf8 52. Re7 Kg8
53. g4 Ra4 54. Rd7 Re8 55. Rd3 Re4 56. f3 Re8 57. Kf2 Ra2+ 58. Kg3 Ne5 59. Re3
Nxd7 60. Rxe8+ Kf7 61. Re4 Nf6 62. Re3 Ra4 63. Bc5 Ng8 64. Rd3 Rc4 65. Rd7+ Ke8
66. Rxg7 Rxc5 67. Rxg8+ Kf7 68. Rg6 1-0

[Event "Senioren 2018"]
[Site "Bad Woerishofen"]
[Date "2018.02.27"]
[Round "5"]
[White "Fitzke, Ulrich"]
[Black "Henrichsen, Erland"]
[Result "0-1"]
[WhiteElo "1812"]
[BlackElo "2009"]
[PlyCount "68"]
[EventDate "2018.??.??"]
[WhiteTeam "SV Bau-Union (Berlin)"]

1. d4 Nf6 2. c4 c5 3. Nf3 cxd4 4. Nxd4 e5 5. Nf3 e4 6. Nd4 d5 7. e3 Nc6 8. Nxc6
bxc6 9. cxd5 cxd5 10. Bb5+ Bd7 11. Bxd7+ Qxd7 12. O-O Bc5 13. Bd2 O-O 14. Bc3
Rad8 15. Bd4 Qd6 16. Nc3 Bxd4 17. exd4 Qb4 18. Qd2 Rb8 19. Rfb1 Rfc8 20. Qe3
Rc4 21. Ne2 Rc2 22. a3 Qc4 23. Nc3 h6 24. Nd1 Rb3 25. Qf4 Qxd4 26. Rc1 g5 27.
Qd6 Qd2 28. h3 Rxc1 29. Rxc1 Qxc1 30. Qxf6 Qxd1+ 31. Kh2 Qd2 32. Qxh6 Qf4+ 33.
Kg1 Rxb2 34. Qa6 Qxf2+ 0-1

[Event "Senioren 2018"]
[Site "Bad Woerishofen"]
[Date "2018.02.27"]
[Round "5"]
[White "Flockerzi, Armin"]
[Black "Gottwald, Helmut"]
[Result "1-0"]
[WhiteElo "1772"]
[BlackElo "1569"]
[PlyCount "151"]
[EventDate "2018.??.??"]
[WhiteTeam "VfR-SC Koblenz"]
[BlackTeam "SV Dicker Turm Esslingen"]

1. d4 Nf6 2. c4 e6 3. Nf3 Bb4+ 4. Bd2 Bxd2+ 5. Nbxd2 b6 6. e3 Bb7 7. Be2 O-O 8.
O-O c5 9. Qc2 cxd4 10. exd4 d5 11. b3 dxc4 12. Bxc4 Nc6 13. Qb2 Nb4 14. a3 Nbd5
15. Rfe1 Rc8 16. Ne5 Rc7 17. f3 Qc8 18. Rac1 Nd7 19. Ne4 Nxe5 20. dxe5 Nf4 21.
Nd6 Qa8 22. Nxb7 Qxb7 23. Qd4 Nd5 24. Bxd5 exd5 25. Rxc7 Qxc7 26. Qxd5 Rd8 27.
Qe4 Qc5+ 28. Qe3 Qxa3 29. e6 fxe6 30. Qxe6+ Kh8 31. Qe8+ Qf8 32. Qxf8+ Rxf8 33.
Re7 Ra8 34. Rb7 Kg8 35. Kf2 Kf8 36. f4 a5 37. Rxb6 a4 38. bxa4 Rxa4 39. Kg3
Ra3+ 40. Kg4 Ra2 41. Kh3 Ra3+ 42. g3 Re3 43. Kg4 Kf7 44. Rb5 Re6 45. h3 Re3 46.
h4 Rc3 47. h5 Rd3 48. Rb6 Rc3 49. Kh4 Rc5 50. h6 gxh6 51. Rxh6 Kg7 52. Rb6 Rd5
53. Re6 Kf7 54. Rh6 Kg7 55. Rh5 Rd6 56. Kg4 h6 57. Rh1 Rg6+ 58. Kf3 Re6 59. g4
Ra6 60. Re1 Kf6 61. Re3 Rb6 62. Kg3 Rb5 63. Kh4 Ra5 64. f5 Ra7 65. Re6+ Kg7 66.
Kh5 Ra1 67. Rg6+ Kf7 68. Kxh6 Rh1+ 69. Kg5 Ra1 70. Rh6 Kg8 71. Rb6 Ra7 72. f6
Kh7 73. Kh5 Ra5+ 74. g5 Ra1 75. Rb7+ Kg8 76. Kg6 1-0

[Event "Senioren 2018"]
[Site "Bad Woerishofen"]
[Date "2018.02.27"]
[Round "5"]
[White "Fuchs, Joachim"]
[Black "Plischke, Berthold"]
[Result "1/2-1/2"]
[WhiteElo "1767"]
[BlackElo "1961"]
[PlyCount "45"]
[EventDate "2018.??.??"]
[WhiteTeam "SC Starnberg"]
[BlackTeam "SV Wesel"]

1. d4 e6 2. c4 f5 3. Nc3 Nf6 4. Nf3 Be7 5. Qc2 O-O 6. h3 d5 7. e3 c6 8. Be2
Nbd7 9. a3 Ne4 10. b3 Ndf6 11. Bb2 Bd7 12. Bd3 Rc8 13. Ne2 g5 14. Ne5 Be8 15.
f3 Nd6 16. c5 Nf7 17. g4 Nxe5 18. dxe5 Ne4 19. Bd4 Bg6 20. b4 Qe8 21. Rg1 Qf7
22. Nc3 Nxc3 23. Bxc3 1/2-1/2

[Event "Senioren 2018"]
[Site "Bad Woerishofen"]
[Date "2018.02.27"]
[Round "5"]
[White "Fuchs, Michael"]
[Black "Kalepky, Helmut"]
[Result "1-0"]
[WhiteElo "2065"]
[BlackElo "1974"]
[PlyCount "95"]
[EventDate "2018.??.??"]
[WhiteTeam "DJK SF Haselbach"]
[BlackTeam "SF Heidesheim"]

1. Nf3 d5 2. e3 Nf6 3. c4 dxc4 4. Bxc4 e6 5. O-O Nbd7 6. d4 Be7 7. Nc3 a6 8. a4
c5 9. e4 cxd4 10. Nxd4 Qc7 11. Be2 Nc5 12. Bf3 O-O 13. Be3 Rd8 14. Qc2 Bd6 15.
g3 g6 16. b4 Ncd7 17. Rac1 e5 18. Nde2 Qb8 19. Qb2 Kg7 20. Rfd1 Nf8 21. Bb6 Re8
22. Nb1 Be6 23. Qd2 Be7 24. Bc7 Qa7 25. Bxe5 Red8 26. Qb2 Rxd1+ 27. Rxd1 Rd8
28. Rxd8 Bxd8 29. Nf4 N8d7 30. Nxe6+ fxe6 31. Bc3 Kf7 32. a5 Qb8 33. Nd2 Qc7
34. Bd4 Be7 35. Kg2 Nb8 36. Bb6 Qd7 37. Nc4 Nc6 38. b5 axb5 39. Qxb5 Kg7 40.
Ne3 Kf7 41. e5 Nd8 42. Qb3 Ne8 43. Qc4 Bg5 44. Nc2 Ng7 45. Nd4 Kf8 46. Qc7 Qxc7
47. Bxc7 Ke8 48. Bxb7 1-0

[Event "Senioren 2018"]
[Site "Bad Woerishofen"]
[Date "2018.02.27"]
[Round "5"]
[White "Ganslmayer, Anton"]
[Black "Helbig, Dieter"]
[Result "1/2-1/2"]
[WhiteElo "1992"]
[BlackElo "1784"]
[PlyCount "72"]
[EventDate "2018.??.??"]
[WhiteTeam "SC Wangen"]
[BlackTeam "SK Weilheim"]

1. Nf3 c5 2. c4 Nc6 3. Nc3 g6 4. d4 cxd4 5. Nxd4 Bg7 6. Nxc6 bxc6 7. e4 d6 8.
Be2 Bb7 9. Be3 Nf6 10. O-O O-O 11. Qb3 Qc8 12. Rfd1 Nd7 13. Rac1 Ba6 14. Qc2
Ne5 15. b3 Ng4 16. Bg5 f6 17. Bf4 h5 18. h3 Ne5 19. Be3 Qc7 20. f4 Bh6 21. Qd2
Nf7 22. Bf3 Kg7 23. Ne2 Bc8 24. Qc3 a5 25. Rd3 a4 26. b4 Bd7 27. Rcd1 Qc8 28.
c5 Be6 29. Qb2 Bc4 30. Rc3 Be6 31. Nd4 dxc5 32. Rxc5 Ne5 33. Qe2 Nxf3+ 34. Qxf3
Bxa2 35. Rxc6 Qb7 36. Qg3 Kh7 1/2-1/2